| 000 | 00992nam a22002657a 4500 | ||
|---|---|---|---|
| 001 | 8737 | ||
| 003 | FISKH | ||
| 005 | 20251017120804.0 | ||
| 008 | 251016b cb ||||| |||| 00| 0 eng d | ||
| 040 |
_aFISKH _beng _cFISKH _dFISKH |
||
| 050 | _aPZ8.W78 I | ||
| 082 | _a398.2 | ||
| 100 |
_aWithers, Carl _eAuthor |
||
| 245 |
_aI saw a rocket walk a mile : _bNonsense tales, chants and songs from many lands / _cBy Carl Withers ; Illustrated by John E. Johnson |
||
| 260 |
_aLondon : _bHolt, Rinehart and Winston _c1965 |
||
| 300 |
_a159 pages : _billustrations ; _c23 cm |
||
| 505 | _aH | ||
| 520 | _aThis fun, imaginative story is told through a series of whimsical and playful statements about unlikely things happening in the world, like a rocket walking a mile. | ||
| 521 | 8 |
_a500
_bLexile estimate |
|
| 521 | 8 |
_aH
_bRaz-Plus |
|
| 650 |
_aChildren's fiction _vChildren's literature |
||
| 700 |
_aJohnson, John E. _eIllustrator |
||
| 942 |
_2ddc _cBK _n0 |
||
| 999 |
_c8737 _d8737 |
||